<?xml version="1.0" encoding="UTF-8"?>
<record
    xmlns:xsi="http://www.w3.org/2001/XMLSchema-instance"
    xsi:schemaLocation="http://www.loc.gov/MARC21/slim http://www.loc.gov/standards/marcxml/schema/MARC21slim.xsd"
    xmlns="http://www.loc.gov/MARC21/slim">

  <leader>01073nam a22002177a 4500</leader>
  <controlfield tag="008">220824s1998    mx akdogr|||| 001 0 spa d</controlfield>
  <datafield tag="020" ind1=" " ind2=" ">
    <subfield code="a">970-18-0934-3 (IPN)</subfield>
  </datafield>
  <datafield tag="040" ind1=" " ind2=" ">
    <subfield code="a">BPGM</subfield>
    <subfield code="b">spa</subfield>
  </datafield>
  <datafield tag="041" ind1=" " ind2=" ">
    <subfield code="a">spa</subfield>
    <subfield code="h">spa</subfield>
  </datafield>
  <datafield tag="082" ind1="0" ind2="4">
    <subfield code="a">PTM / 664 / T45</subfield>
  </datafield>
  <datafield tag="100" ind1=" " ind2=" ">
    <subfield code="a">JOS&#xC9; MIGUEL AGUILERA</subfield>
    <subfield code="c">EDITOR</subfield>
  </datafield>
  <datafield tag="110" ind1=" " ind2=" ">
    <subfield code="a">PROGRAMA IBEROAMERICANO DE CIENCIA Y TECNOLOG&#xCD;A PARA EL DESARROLLO</subfield>
  </datafield>
  <datafield tag="245" ind1=" " ind2=" ">
    <subfield code="a">TEMAS EN TECNOLOG&#xCD;A DE ALIMENTOS</subfield>
  </datafield>
  <datafield tag="260" ind1=" " ind2=" ">
    <subfield code="a">M&#xC9;XICO</subfield>
    <subfield code="b">INSTITUTO POLIT&#xC9;CNICO NACIONAL; </subfield>
    <subfield code="c">1997</subfield>
  </datafield>
  <datafield tag="300" ind1=" " ind2=" ">
    <subfield code="a">337 P&#xE1;ginas</subfield>
    <subfield code="b">22.4cm X 15.1cm</subfield>
  </datafield>
  <datafield tag="336" ind1=" " ind2=" ">
    <subfield code="2">rdacontent</subfield>
    <subfield code="a">texto</subfield>
    <subfield code="b">txt</subfield>
  </datafield>
  <datafield tag="337" ind1=" " ind2=" ">
    <subfield code="2">rdamedia</subfield>
    <subfield code="a">sin mediaci&#xF3;n</subfield>
    <subfield code="b">n</subfield>
  </datafield>
  <datafield tag="338" ind1=" " ind2=" ">
    <subfield code="2">rdacarrier</subfield>
    <subfield code="a">volumen </subfield>
    <subfield code="b">nc</subfield>
  </datafield>
  <datafield tag="505" ind1=" " ind2=" ">
    <subfield code="a">LA TECNOLOG&#xCD;A DE ALIMENTOS CONSTITUYE UN &#xC1;REA DEL CONOCIMIENTO MUY IMPORTANTE EN LATINOAM&#xC9;RICA. ENTRE LAS RAZONES PARA L A PREEMINENCIA DEL &#xC1;REA DESTACAN: LA TRASCENDENCIA DE LA AGRICULTURA Y DEL PROCESAMIENTO PRIMARIO DE PRODUCTOS AGROPECUARIOS, LA URGENCIA POR CONTAR ALIMENTOS EN CANTIDAD Y CALIDAD, LA NECESIDAD DE PRESERVAR ALIMENTOS EN CONDICIONES CLIM&#xC1;TICAS ADVERSAS, ETC.</subfield>
  </datafield>
  <datafield tag="942" ind1=" " ind2=" ">
    <subfield code="2">ddc</subfield>
    <subfield code="c">CONSULTA</subfield>
  </datafield>
  <datafield tag="952" ind1=" " ind2=" ">
    <subfield code="0">0</subfield>
    <subfield code="1">0</subfield>
    <subfield code="2">ddc</subfield>
    <subfield code="3">V.1</subfield>
    <subfield code="4">0</subfield>
    <subfield code="7">0</subfield>
    <subfield code="a">BPCEFC</subfield>
    <subfield code="b">BPCEFC</subfield>
    <subfield code="d">2026-05-13</subfield>
    <subfield code="l">0</subfield>
    <subfield code="o">PTM / 664 / T45</subfield>
    <subfield code="r">2026-05-13 17:15:36</subfield>
    <subfield code="w">2026-05-13</subfield>
    <subfield code="y">CONSULTA</subfield>
  </datafield>
  <datafield tag="952" ind1=" " ind2=" ">
    <subfield code="0">0</subfield>
    <subfield code="1">0</subfield>
    <subfield code="2">ddc</subfield>
    <subfield code="4">0</subfield>
    <subfield code="7">0</subfield>
    <subfield code="a">BPCEFC</subfield>
    <subfield code="b">BPCEFC</subfield>
    <subfield code="d">2026-05-13</subfield>
    <subfield code="l">0</subfield>
    <subfield code="o">PTM / 664 / T45</subfield>
    <subfield code="r">2026-05-13 17:15:39</subfield>
    <subfield code="w">2026-05-13</subfield>
    <subfield code="y">CONSULTA</subfield>
  </datafield>
  <datafield tag="952" ind1=" " ind2=" ">
    <subfield code="0">0</subfield>
    <subfield code="1">0</subfield>
    <subfield code="2">ddc</subfield>
    <subfield code="4">0</subfield>
    <subfield code="7">0</subfield>
    <subfield code="a">BPCEFC</subfield>
    <subfield code="b">BPCEFC</subfield>
    <subfield code="d">2026-05-13</subfield>
    <subfield code="l">0</subfield>
    <subfield code="o">PTM / 664 / T45</subfield>
    <subfield code="r">2026-05-13 17:15:42</subfield>
    <subfield code="w">2026-05-13</subfield>
    <subfield code="y">CONSULTA</subfield>
  </datafield>
  <datafield tag="999" ind1=" " ind2=" ">
    <subfield code="c">68578</subfield>
    <subfield code="d">68578</subfield>
  </datafield>
</record>
